000 00931 a2200217 4500
999 _c296
_d296
020 _a9780073535685 (alk. paper)
020 _a0073535680 (alk. paper)
050 0 0 _aBJ1012 RUG 2007
100 1 _aRuggiero, Vincent Ryan.
_eAuthor
245 1 0 _aThinking critically about ethical issues /
_cVincent Ryan Ruggiero.
264 _aBoston :
_b McGraw-Hill Higher Education
_c2008
300 _axi, 202 pg. ;
500 _aincludes index.
504 _aIncludes bibliographical references (p. 193-197).
650 0 _aEthics.
856 4 2 _3Publisher description
_uhttp://www.loc.gov/catdir/enhancements/fy0804/2007280771-d.html
856 4 1 _3Table of contents only
_uhttp://www.loc.gov/catdir/enhancements/fy0804/2007280771-t.html
856 4 1 _3Table of contents
_uhttp://www.loc.gov/catdir/toc/fy0801/2007280771.html
942 _2lcc
_cBK
_eseventh edition
_h1012
_iRUG
_kBJ